China Cities Map Quiz - Statistics

General Stats
  • This quiz has been taken 105,880 times
  • The average score is 8 of 13
Answers on the Map
Answers color-coded by a green-red scale on the quiz's map according to % correct below.
 
Answer Stats
Answer % Correct
Beijing
93%
Shanghai
82%
Hong Kong
76%
Guangzhou
72%
Lhasa
65%
Urumqi
63%
Harbin
54%
Nanjing
54%
Wuhan
53%
Chengdu
51%
Xi'an
51%
Chongqing
45%
Shenyang
42%
No matching quizzes found
Score Distribution
Percent of People with Each Score
Percentile by Number Answered
Your Score History
You have not taken this quiz